000 00628nam a2200169 4500
010 _aENG-141314-15
020 _a8187077972
_c1095.00 (Sets of 2 vol.)
035 _aEN-124846-47
037 _bDBAD
082 _a138
100 _aStanton, Mary Olmsted
_969853
245 _aHow to Read Faces: A System of Practical and Scientific Physiognomy
_b380 Profusely Illustrations /
_cby Mary Olmsted Stanton
260 _aNew Delhi
_bAjay Book Service
_c2011
270 _a4215/1, Ansari Road Daryaganj,
_bNew Delhi
_e110002
300 _a2vol.(xxii,597;xx,1230p.)
_bIndex
_c23cm(Hb)
942 _2ddc
_cEN
_h138
_mSTA
999 _c204983
_d204983